Between two worlds : Aboriginal cultural autonomy and economic assimilation in remote Western Australia in the 1980s /
Restraints imposed by various cultural practices on formal employment and economic self management at Fitzroy Crossing and surrounding communities; overview of policies of self management and self determination; Aboriginal labour relations; service sector; arts, crafts and tourism; pastoral industry...
Saved in:
| Main Author: | |
|---|---|
| Corporate Author: | |
| Format: | Thesis Book |
| Language: | English |
| Published: |
1990.
|
| Subjects: |
| LEADER | 02090cam a2200385 a 4500 | ||
|---|---|---|---|
| 001 | c000405669 | ||
| 003 | CARM | ||
| 005 | 20200804130743.0 | ||
| 008 | 200804s1990 wea bm 000 0 eng d | ||
| 010 | |a 11000937 | ||
| 019 | 1 | |a 7900615 |5 LACONCORD2021 | |
| 035 | |a (OCoLC)220800728 |5 LACONCORD2021 | ||
| 040 | |a WU |b eng |c WU |d ANL | ||
| 042 | |a anuc | ||
| 043 | |a u-at-we | ||
| 050 | 4 | |a DU374.A77 1990 | |
| 082 | 0 | 4 | |a 305.89915 |2 21 |
| 100 | 1 | |a Arthur, W. S. |q (William Stewart) | |
| 245 | 1 | 0 | |a Between two worlds : |b Aboriginal cultural autonomy and economic assimilation in remote Western Australia in the 1980s / |c by William Stewart Arthur. |
| 260 | |c 1990. | ||
| 300 | |a viii, 216 l. ; |c 30 cm. | ||
| 504 | |a Bibliography; p. 202-216; Includes tables; Thesis (M.A.) University of Western Australia, Nedlands, W.A., 1990. | ||
| 502 | |a Thesis (M.A.) -- University of Western Australia, 1990. | ||
| 506 | |a Closed access - Depositor's permission. Closed copying & quotation Principal and/or Depositor's permission. Not for Inter-Library Loan. | ||
| 520 | |a Restraints imposed by various cultural practices on formal employment and economic self management at Fitzroy Crossing and surrounding communities; overview of policies of self management and self determination; Aboriginal labour relations; service sector; arts, crafts and tourism; pastoral industry; construction and mining. | ||
| 650 | 0 | |a Aboriginal Australians |z Western Australia |x Economic conditions. | |
| 650 | 0 | |a Aboriginal Australians |z Australia |z Western Australia |x Economic conditions. | |
| 655 | 7 | |a Academic theses. |2 lcgft | |
| 710 | 2 | |a University of Western Australia. |b Dept. of Anthropology. |t Thesis. | |
| 852 | 8 | |b CARM |i F11033 |p 0656728 |f BK | |
| 852 | 8 | |b SCAN |h A3:AK17C0 |i F11033 |p 0656728 |f BK | |
| 852 | 8 | |b SCAN |h A3:AK17C0 |i F11033 |p 0656728 |f BK | |
| 999 | f | f | |i b3accd06-5b50-52ec-9339-e9e4cf6506c1 |s dd2f8810-e532-5c86-b438-0ce4a59e8a7a |
| 952 | f | f | |p Can circulate |a CAVAL |b CAVAL |c CAVAL |d CARM 1 Store |e F11033 |h Other scheme |i book |m 0656728 |
| 952 | f | f | |a CAVAL |b CAVAL |c CAVAL |d Unmapped Location |e F11033 |f A3:AK17C0 |h Other scheme |